| 000 | 00562nam a22001937a 4500 | ||
|---|---|---|---|
| 999 |
_c6246 _d6246 |
||
| 003 | OSt | ||
| 005 | 20190820121133.0 | ||
| 008 | 190820b ||||| |||| 00| 0 eng d | ||
| 020 | _a9789810200565 | ||
| 040 | _cDDC | ||
| 082 | _a536.7 PRO 1990 | ||
| 100 |
_aEdited by Lim, Yung-Kuo _912840 |
||
| 245 | _aProblems and Solutions on Thermodynamics and Statistical Mechanics | ||
| 260 |
_aNew Jersey; _bWorld scientific, _c1990 |
||
| 300 |
_aix,407p; _bill: _c23cm |
||
| 650 |
_a Thermodynamics _912841 |
||
| 650 |
_aStatistical Mechanics _98100 |
||
| 942 |
_2ddc _cBOOK |
||